Constitutional Law .(18th edition) (Record no. 38489)

MARC details
000 -LEADER
fixed length control field 00682nam a2200181 a 4500
008 - FIXED-LENGTH DATA ELEMENTS--GENERAL INFORMATION
fixed length control field 210412s2007 ||||||||||||||||| || u
020 ## - INTERNATIONAL STANDARD BOOK NUMBER
International Standard Book Number 9781609302511
050 ## - LIBRARY OF CONGRESS CALL NUMBER
Classification number KB 22 Sul
100 ## - MAIN ENTRY--PERSONAL NAME
Personal name Feldman, Noah
245 10 - TITLE STATEMENT
Title Constitutional Law .(18th edition)
Statement of responsibility, etc. By Kathleen M. Sullivan; Noah Feldman
250 ## - EDITION STATEMENT
Edition statement 18th edition
260 ## - PUBLICATION, DISTRIBUTION, ETC.
Place of publication, distribution, etc. New York
Name of publisher, distributor, etc. Foundation Press
Date of publication, distribution, etc. 2007
300 ## - PHYSICAL DESCRIPTION
Extent Ixxviii,1651 pages
350 ## - PRICE (NR) (BK AM CF MU VM SE) [OBSOLETE]
Price 185.00
650 ## - SUBJECT ADDED ENTRY--TOPICAL TERM
Topical term or geographic name entry element CONSTITUTIONAL LAW--UNITED STATES--CASES
700 ## - ADDED ENTRY--PERSONAL NAME
Personal name sullivan, Kathleen M
995 ## - RECOMMENDATION 995 [LOCAL, UNIMARC FRANCE]
-- CBU-MAIN LIBRARY (Kitwe)
-- 185.00
-- 1
-- AVAILABLE
-- Apr 19, 2021
-- Main Library Open Access Collection
Holdings
Withdrawn status Lost status Source of classification or shelving scheme Damaged status Not for loan Home library Current library Shelving location Date acquired Total Checkouts Full call number Barcode Date last seen Price effective from Koha item type
          CBU-MAIN LIBRARY, KITWE. CBU-MAIN LIBRARY, KITWE.   11/30/2022   KB 22 Sul 750914 11/30/2022 11/30/2022 MONOGRAPH